• 首页
  • 本馆介绍
  • 公告通知
  • 最新文献
  • 馆藏检索
  • 电子资源
  • 读者导购
  • 参考咨询
  • 我的图书馆
  • 登录
  • 详细信息显示
  • 放入我的书架
  • 预约/预借图书
  • 作者相关作品
  • 分类相关作品
  • 丛书相关作品
  • 出版社相关作品

书目信息

  • 表格格式
  • 工作单格式
  • 卡片格式
题名:
材料
    
 
作者: N.莫特 著 ;中国科学技术大学翻译组 译
分册:  
出版信息: 北京   科学出版社  1975
页数: 168页
开本: 19cm
丛书名:
单 册:
中图分类: O34
科图分类:
主题词: 固体力学
电子资源:
ISBN:
000 00791nam0 2200229 45
001 0405180919
005 20040518092457.6
010    @dCNY0.55
091    @a13031.332
100    @a20040518d1975 km y0chiy0120 ea
101 0  @achi
105    @a z 000yy
200 1  @a材料@ACai Liao@e微观结构及物理性能的概述@EWei Guan Jie Gou Ji Wu Li Xing Neng De Gai Shu@f()N.莫特等著@F()N.Mo Te Deng Zhu@g中国科学技术大学翻译组译
210    @a北京@c科学出版社@d1975
215    @a168页@d19cm@c图
517    @a微观结构及物理性能的概述@AWei Guan Jie Gou Ji Wu Li Xing Neng De Gai Shu
606 0  @a固体力学
690    @aO34@v3
701  0 @aN.莫特@4著
712 02 @a中国科学技术大学翻译组@AZhong Guo Ke Xue Ji Shu Da Xue Fan Yi Zu@4译
801    @aCN@bPftUser@c20040518
905    @f2@b11705-706@dO34@e2
    
    材料:微观结构及物理性能的概述/()N.莫特等著/中国科学技术大学翻译组译.-北京:科学出版社,1975
    168页;19cm:图
    
    
    ISBN :CNY0.55
    
●
相关链接 在E读中查询图书 在五车中查询图书 在当当中查询图书 在豆瓣中查询图书


正题名:材料     索取号:O34/2         预约/预借

序号 登录号 条形码 馆藏地/架位号 状态 备注
1 0011705   000384989   第三借阅区/ [索取号:O34/2] 在馆    
2 0011706   000384970   第三借阅区/ [索取号:O34/2] 在馆    
3 0011707   000384961   第二样本阅览室/ [索取号:O34/2] 在馆    
唐山师范学院图书馆 欢迎您!
大连网信软件有限公司© 版权所有